Malaysia water industry guide 2004.
| Format: | Book |
|---|---|
| Published: |
Kuala Lumpur:
The Malaysian Water Association,
2003.
|
| Subjects: |
| LEADER | 00491cam a2200145 7i4500 | ||
|---|---|---|---|
| 001 | 0000015114 | ||
| 005 | 20050324090000.0 | ||
| 090 | 0 | 0 | |a M 363.61 |b MAL |
| 245 | 0 | 0 | |a Malaysia water industry guide 2004. |
| 260 | 0 | 0 | |a Kuala Lumpur: |b The Malaysian Water Association, |c 2003. |
| 300 | # | # | |a 28 p. |
| 650 | 0 | 0 | |a Water supply -- |x Directories -- |z Malaysia |
| 650 | 0 | 0 | |a Water resources development -- |x Directories -- |z Malaysia |
| 651 | 0 | 0 | |a Malaysia |
| 999 | |a 0000016700 |b Book |c Malaysia |e Business Information Centre | ||